000
00255nam a22001217a 4500
008
180201b xxu||||| |||| 00| 0 eng d
041
_a
eng
080
_a
37
100
_a
45
101
_a
EDU
245
_a
TEACH WITH ENERGY
_c
LINDA.W
942
_2
udc
_c
BK
999
_c
41483
_d
41483